000 00312nam a2200085Ia 4500
245 0 _aThe case of the monkeys that fell from the trees : and other mysteries in tropical nature
100 _a QUINLAN, Susan E. Honesdale, Pa., 2003 1st ed
_9101214
942 _cBK
008 210818s9999 xx 000 0 und d
999 _c437439
_d437438